Online
Catalog

El período orientalizante : (Record no. 40502)

MARC details
000 -CABECERA
campo de control de longitud fija 01346nam a2200241 a 4500
001 - NÚMERO DE CONTROL
campo de control 000041012
005 - FECHA Y HORA DE LA ÚLTIMA TRANSACCIÓN
campo de control 20201002034542.0
008 - DATOS DE LONGITUD FIJA--INFORMACIÓN GENERAL
campo de control de longitud fija 130913s2005 sp a 000 0 spa d
040 ## - FUENTE DE LA CATALOGACIÓN
Centro catalogador/agencia de origen DO-SdBNP
Lengua de catalogación spa
Centro/agencia transcriptor BNPHU
111 1# - ENTRADA PRINCIPAL--NOMBRE DE CONGRESO/REUNIÓN
Nombre de congreso/reunión o jurisdicción como elemento de entrada Simposio Internacional de Arqueología de Mérida "Protohistoria del Mediterráneo Occidental"
Número del congreso/reunión o número de parte o sección (3º :
Fecha del congreso/reunión 2003
Sede del congreso/Lugar de la reunión Mérida)
9 (RLIN) 67468
245 13 - MENCIÓN DE TÍTULO
Título El período orientalizante :
Resto del título actas del III Simposio Internacional de Arqueología de Mérida, Protohistoria del Mediterráneo Occidental /
Mención de responsabilidad, etc. editores Sebastián Celestino Pérez, Javier Jiménez Ávila.
260 ## - PUBLICACIÓN, DISTRIBUCIÓN, ETC.
Lugar de publicación, distribución, etc. Mérida :
Nombre del editor, distribuidor, etc. Consejo Superior de Investigaciones Científicas,
Fecha de publicación, distribución, etc. 2005.
300 ## - DESCRIPCIÓN FÍSICA
Extensión 1440 p. :
Otras características físicas il. ;
Dimensiones 29 cm.
490 1# - MENCIÓN DE SERIE
Mención de serie Anejos de Archivo español de arqueología
Designación de volumen o secuencia 35
505 0# - NOTA DE CONTENIDO CON FORMATO
Información miscelánea v. 2 :
Título Actas del III Simposio Internacional de Arqueología de Mérida, Protohistoria del Mediterráneo Occidental
500 ## - NOTA GENERAL
Nota general Incluye referencias bibliográficas y notas al pie de las páginas
534 ## - NOTA SOBRE LA VERSIÓN ORIGINAL
Encabezamiento principal del original Textos en español, inglés, alemán, italiano y portugués
700 1# - PUNTO DE ACCESO ADICIONAL--NOMBRE DE PERSONA
Nombre de persona Celestino Pérez, Sebastián
Fechas asociadas al nombre ed
9 (RLIN) 67469
700 1# - PUNTO DE ACCESO ADICIONAL--NOMBRE DE PERSONA
Nombre de persona Jiménez Ávila, F. Javier
Término indicativo de función/relación ed.
9 (RLIN) 67470
710 2# - PUNTO DE ACCESO ADICIONAL--NOMBRE DE ENTIDAD CORPORATIVA
Nombre de entidad corporativa o nombre de jurisdicción como elemento de entrada Consejo Superior de Investigaciones Científicas
9 (RLIN) 4786
710 2# - PUNTO DE ACCESO ADICIONAL--NOMBRE DE ENTIDAD CORPORATIVA
Nombre de entidad corporativa o nombre de jurisdicción como elemento de entrada Ministerio de Educación y Ciencia
9 (RLIN) 67471
830 #0 - PUNTO DE ACCESO ADICIONAL DE SERIE-TÍTULO UNIFORME
Título uniforme Anejos de Archivo español de arqueología
Designación de volumen o secuencia 35
9 (RLIN) 67472
Holdings
Estado de retiro Estado de pérdida Restricciones de uso No para préstamo Código de colección Localización permanente Ubicación/localización actual Ubicación en estantería Fecha de adquisición Número de inventario Total de préstamos Signatura topográfica completa Código de barras Fecha visto por última vez Precio válido a partir de Tipo de ítem Koha
      Excluido de préstamo Monografías: Libros y Folletos General General En catalogación 13.09.2013 LF1   41012-10 25.06.2020 25.06.2020 No se presta
      Excluido de préstamo Monografías: Libros y Folletos General General En catalogación 17.10.2013 LF1   41012-20 25.06.2020 25.06.2020 No se presta

Powered by Koha